000 00846nam a22002297a 4500
008 240605b mp ||||| |||| 00| 0 mon d
020 _a99929-0-472-0
035 _a11012
040 _aHE0623081
_bmon
_cMN-UlNLM
_dMN-UlNLM
_erda
041 _amon
042 _a24355
084 _2NNA
_a28.6
_bК.921
100 _aХила Куппэр
245 0 _aХовордсон ан амьтан
264 _aУБ.
_bМонсудар
_c2009
300 _a21х.
336 _2rdacontent
_atext
_btxt
337 _2rdamedia
_aunmediated
_bn
338 _2rdacarrier
_avolume
_bnc
650 _aэнэ номонд ховордож байгаа 9 зүйлийн амьтдыг танилцуулж байна.Танилцуулж байгаа энэхүү амьтад нь сүүн тэжээлтэн, шувуу, хоёр н...
942 _2NNA
_cBK
999 _c883071
_d883128